[Event "Euro Online U2300 Day 1"]
[Site "chess.com INT"]
[Date "2020.05.25"]
[Round "1"]
[White "Albu, George"]
[Black "Pavlidou, Ekaterini"]
[Result "1-0"]
[BlackTitle "WIM"]
[WhiteElo "2142"]
[BlackElo "2170"]
[WhiteFideId "1237128"]
[BlackFideId "4213262"]
[EventDate "2020.05.25"]

1. d4 Nf6 2. c4 e6 3. Nc3 Bb4 4. e3 O-O 5. Bd3 c5 6. Nf3 d6 7. O-O Bxc3 8. bxc3
Nc6 9. e4 e5 10. d5 Ne7 11. Ne1 b6 12. g3 Bh3 13. Ng2 Ng6 14. f3 Bc8 15. Rf2 Nd7
16. Ne3 f6 17. Nf5 Qc7 18. h4 Rf7 19. h5 Ngf8 20. Rh2 b5 21. cxb5 c4 22. Bc2 Nc5
23. Ne3 Ncd7 24. a4 a5 25. Qe2 Nb6 26. g4 Kh8 27. Kh1 Bd7 28. Ba3 Rd8 29. Rg1 h6
30. Rf2 Bc8 31. Ra1 Nfd7 32. Nf5 Nf8 33. Ne3 Nh7 34. Qf1 Ng5 35. Bd1 Re7 36. Bc1
Nf7 37. Be2 Bb7 38. Nxc4 Nxc4 39. Bxc4 Rc8 40. Bd3 Qxc3 41. Bd2 Qd4 42. Bxa5 Ng5
43. Bd2 Nh3 44. Rh2 Ng5 45. Bxg5 fxg5 46. Rha2 Rf8 47. Be2 Ref7 48. Qg1 Qc3 49.
Ra3 Qa5 50. Qe1 Qa8 51. a5 Bxd5 52. exd5 e4 53. fxe4 Qe8 54. Re3 Qe5 55. a6 Rf2
56. Qg1 Qb2 57. a7 Qd2 58. a8=Q 1-0

[Event "Euro Online U2300 Day 1"]
[Site "chess.com INT"]
[Date "2020.05.25"]
[Round "1"]
[White "Bosboom, Ardin"]
[Black "Sernecki, Franciszek"]
[Result "0-1"]
[BlackTitle "FM"]
[WhiteElo "2005"]
[BlackElo "2243"]
[WhiteFideId "1046454"]
[BlackFideId "1169297"]
[EventDate "2020.05.25"]

1. d4 Nf6 2. c4 e6 3. Nc3 Bb4 4. f3 O-O 5. a3 Bxc3+ 6. bxc3 Nh5 7. Nh3 f5 8. g3
d6 9. Bg2 Nf6 10. O-O Nc6 11. e4 fxe4 12. fxe4 e5 13. d5 Na5 14. Qe2 b6 15. Ng5
h6 16. Nf3 Ba6 17. Nd2 Qd7 18. a4 Rf7 19. Rf5 Qe7 20. Bh3 Bc8 21. Ba3 g6 22.
Rxf6 Rxf6 23. Bxc8 Rxc8 24. Qg4 Rcf8 25. Bb4 Kg7 26. Bxa5 bxa5 27. Nb3 Rf2 28.
Nxa5 Qf6 29. Qh3 Rc2 30. Nc6 Qf2+ 31. Kh1 Qf3+ 32. Kg1 Qe3+ 33. Kh1 Qxe4+ 34.
Kg1 Qe3+ 35. Kh1 Rc1+ 36. Rxc1 Qxc1+ 37. Kg2 Qf1# 0-1

[Event "Euro Online U2300 Day 1"]
[Site "chess.com INT"]
[Date "2020.05.25"]
[Round "1"]
[White "Grela, Kacper"]
[Black "Lauda, Alexandr"]
[Result "0-1"]
[WhiteTitle "FM"]
[WhiteElo "2377"]
[BlackElo "1984"]
[WhiteFideId "1154141"]
[BlackFideId "13903179"]
[EventDate "2020.05.25"]

1. d4 Nf6 2. c4 e6 3. Nc3 Bb4 4. e3 b6 5. a3 Bxc3+ 6. bxc3 Ne4 7. Bd3 Bb7 8. Qg4
Nf6 9. Qh3 Be4 10. Bxe4 Nxe4 11. Qg4 Nf6 12. Qf3 Nc6 13. e4 e5 14. Ne2 Qe7 15.
Bg5 exd4 16. Bxf6 Qxf6 17. Qxf6 gxf6 18. cxd4 O-O-O 19. Kd2 Rde8 20. f3 h5 21.
Kc3 f5 22. e5 d6 23. f4 dxe5 24. dxe5 f6 25. Nd4 Nxd4 26. Kxd4 fxe5+ 27. fxe5
Rhg8 28. Rhf1 Rg4+ 29. Kd5 Kd7 0-1

[Event "Euro Online U2300 Day 1"]
[Site "chess.com INT"]
[Date "2020.05.25"]
[Round "1"]
[White "Klykow, Lukasz"]
[Black "Lebediantsev, Ruslan"]
[Result "0-1"]
[WhiteElo "2197"]
[BlackElo "2075"]
[WhiteFideId "1106767"]
[BlackFideId "24135755"]
[EventDate "2020.05.25"]

1. e4 c5 2. Nf3 e6 3. d4 cxd4 4. Nxd4 Nf6 5. Nc3 Bb4 6. e5 Nd5 7. Bd2 Bxc3 8.
bxc3 Qc7 9. f4 a6 10. Qg4 g6 11. Bd3 Nxc3 12. h4 h5 13. Qg5 b5 14. Bxg6 Rf8 15.
Bd3 Bb7 16. O-O Qc5 17. Be3 Qe7 18. Qxh5 Nd5 19. Bc1 Qc5 20. Bb2 Nc6 21. c3 Nxc3
22. Bxc3 Nxd4 23. Bxd4 Qxd4+ 24. Rf2 Qxa1+ 0-1

[Event "Euro Online U2300 Day 1"]
[Site "chess.com INT"]
[Date "2020.05.25"]
[Round "1"]
[White "Nilsson, Joakim 2000"]
[Black "Yakimova, Mariya"]
[Result "1-0"]
[WhiteTitle "FM"]
[BlackTitle "WFM"]
[WhiteElo "2215"]
[BlackElo "2269"]
[WhiteFideId "1723383"]
[BlackFideId "34188859"]
[EventDate "2020.05.25"]

1. d4 Nf6 2. Nf3 g6 3. Bg5 Bg7 4. Nbd2 d5 5. e3 O-O 6. c3 c5 7. Be2 b6 8. O-O
Nc6 9. a4 Bf5 10. h3 Re8 11. Bb5 Bd7 12. Qe2 h6 13. Bf4 Ne4 14. Nxe4 dxe4 15.
Nd2 e5 16. dxe5 Nxe5 17. Nxe4 Bxb5 18. axb5 Nd3 19. Qf3 Nxb2 20. Ra2 Nc4 21. Rd1
Qe7 22. Nd6 Nxd6 23. Bxd6 Qe6 24. Ra3 Rad8 25. Bc7 Rxd1+ 26. Qxd1 Re7 27. Bg3
Rd7 28. Qa1 Qc4 29. Rxa7 Bxc3 30. Ra8+ Kh7 31. Be5 Bxe5 32. Qxe5 f6 33. Qe8 Rd1+
34. Kh2 1-0

[Event "Euro Online U2300 Day 1"]
[Site "chess.com INT"]
[Date "2020.05.25"]
[Round "1"]
[White "Green, Golan"]
[Black "Thorsteinsson, Thorsteinn"]
[Result "1/2-1/2"]
[BlackTitle "FM"]
[WhiteElo "2211"]
[BlackElo "2271"]
[WhiteFideId "2803984"]
[BlackFideId "2300281"]
[EventDate "2020.05.25"]

1. c4 e6 2. Nf3 d5 3. b3 Be7 4. Bb2 Bf6 5. d4 c5 6. cxd5 exd5 7. e3 Nc6 8. Be2
Nge7 9. O-O O-O 10. Na3 cxd4 11. Nxd4 Nxd4 12. Bxd4 Bxd4 13. Qxd4 Nc6 14. Qd2
Be6 15. Nc2 Qf6 16. Rfd1 Rfd8 17. Nd4 Rac8 18. a3 Ne7 19. Qb4 Rd7 20. Rac1 Rdc7
21. Rxc7 Rxc7 22. Qa5 b6 23. Qd2 h6 24. Bf3 Qe5 25. b4 Nc8 26. Rc1 Kh7 27. Rc3
Ne7 28. h3 g6 29. Qc1 Rxc3 30. Qxc3 Nf5 31. Qd2 Nxd4 32. exd4 Qg5 33. Qxg5 hxg5
34. Kf1 Kg7 35. Ke2 Kf6 36. Ke3 Ke7 37. Be2 Kd6 38. g4 f6 39. f4 gxf4+ 40. Kxf4
g5+ 41. Kg3 1/2-1/2

[Event "Euro Online U2300 Day 1"]
[Site "chess.com INT"]
[Date "2020.05.25"]
[Round "1"]
[White "Mishin, Alexei"]
[Black "Kacprzak, Karol"]
[Result "0-1"]
[WhiteElo "2206"]
[BlackElo "1988"]
[WhiteFideId "4157940"]
[BlackFideId "21819327"]
[EventDate "2020.05.25"]

1. e4 c5 2. c3 d6 3. d4 Nf6 4. dxc5 Nc6 5. f3 d5 6. Nd2 e5 7. b4 b6 8. Bb5 Bd7
9. exd5 Nxd5 10. Ne4 Nc7 11. Bc4 bxc5 12. bxc5 Be6 13. Qa4 Bxc4 14. Qxc4 Qd5 15.
Qxd5 Nxd5 16. Ne2 f5 17. Nd6+ Bxd6 18. cxd6 Kd7 19. Ba3 Ne3 20. Rc1 Ke6 21. Kf2
Nc4 22. Bc5 Nxd6 23. c4 Rhd8 24. Rhd1 Rac8 25. Rd5 Nb7 26. Nc3 Nxc5 27. Rxc5 Nb4
28. Rxc8 Rxc8 29. Nd5 Nd3+ 0-1

[Event "Euro Online U2300 Day 1"]
[Site "chess.com INT"]
[Date "2020.05.25"]
[Round "1"]
[White "Lystsov, Leonid"]
[Black "Musovic, Armin"]
[Result "0-1"]
[WhiteTitle "CM"]
[BlackTitle "FM"]
[WhiteElo "2038"]
[BlackElo "2219"]
[WhiteFideId "44173873"]
[BlackFideId "939935"]
[EventDate "2020.05.25"]

1. Nf3 a6 2. g3 e6 3. Bg2 d5 4. O-O Nf6 5. c4 c5 6. cxd5 exd5 7. d4 h6 8. Nc3
Nc6 9. b3 Be7 10. Bb2 O-O 11. dxc5 Bxc5 12. Rc1 Ba7 13. Na4 Re8 14. e3 Ne4 15.
Nd4 Bd7 16. Nxc6 Bxc6 17. Qg4 Qg5 18. Qxg5 hxg5 19. Rfd1 Nxf2 20. Kxf2 Bxe3+ 21.
Kf3 Bxc1 22. Rxc1 d4+ 23. Rxc6 bxc6 24. Bxd4 Rad8 25. Bc3 Rd1 26. Kf2 Rc1 27.
Bxc6 Rc8 28. Bb7 Rc2+ 29. Kg1 R8xc3 30. Nxc3 Rxc3 31. Bxa6 Rc1+ 32. Bf1 Ra1 33.
a4 Rb1 34. a5 Rxb3 35. a6 Rb2 36. Bg2 Ra2 37. Bb7 Kf8 38. Kf1 Ke7 39. Ke1 Kd6
40. h3 f5 41. Bc8 f4 42. gxf4 gxf4 43. Bb7 g5 44. Kd1 Kc7 45. Ke1 Kb6 46. Kf1
Ka7 47. Kg1 Rc2 48. Kf1 Kb6 49. Kg1 Ra2 50. Kf1 Kc5 51. Kg1 Kd4 52. Kf1 Ke3 53.
Kg1 f3 54. Kh1 Kf4 55. Kg1 Kg3 0-1

[Event "Euro Online U2300 Day 1"]
[Site "chess.com INT"]
[Date "2020.05.25"]
[Round "1"]
[White "Czernek, Tymon"]
[Black "Terletsky, Oleg"]
[Result "1-0"]
[BlackTitle "IM"]
[WhiteElo "2199"]
[BlackElo "2307"]
[WhiteFideId "1199510"]
[BlackFideId "14116774"]
[EventDate "2020.05.25"]

1. e4 e5 2. Nf3 Nc6 3. Bc4 Nf6 4. d3 h6 5. O-O d6 6. c3 g6 7. Bb3 Bg7 8. Re1 O-O
9. h3 Kh7 10. Nbd2 Nh5 11. Nf1 Qe7 12. d4 Nd8 13. Ne3 c6 14. Bc2 Ne6 15. g3 Nef4
16. gxf4 Nxf4 17. Ng2 Nxh3+ 18. Kf1 Qf6 19. Qd3 Bg4 20. Bd1 Kh8 21. Qe3 Rae8 22.
dxe5 dxe5 23. Ng1 Bxd1 24. Rxd1 Ng5 25. b3 b6 26. Ba3 c5 27. b4 Qe7 28. bxc5 f5
29. exf5 Rxf5 30. Nh4 Rf6 31. Rd6 Kh7 32. Rad1 Ref8 33. Rxf6 Qxf6 34. cxb6 Rf7
35. Rd6 1-0

[Event "Euro Online U2300 Day 1"]
[Site "chess.com INT"]
[Date "2020.05.25"]
[Round "1"]
[White "Yordanov, Lachezar"]
[Black "Plaskan, Jure"]
[Result "0-1"]
[WhiteTitle "FM"]
[WhiteElo "2307"]
[BlackElo "2175"]
[WhiteFideId "2918927"]
[BlackFideId "14605252"]
[EventDate "2020.05.25"]

1. d4 Nf6 2. c4 g6 3. Nc3 Bg7 4. e4 d6 5. Be2 O-O 6. Be3 c5 7. d5 e6 8. Nf3 Na6
9. O-O exd5 10. cxd5 Nc7 11. a4 Re8 12. Nd2 a6 13. Bg5 Rb8 14. a5 b5 15. axb6
Rxb6 16. Nc4 Rb4 17. Qc2 h6 18. Bh4 Nb5 19. Na5 Nd4 20. Bxf6 Qxf6 21. Qd2 Bd7
22. Bc4 Reb8 23. b3 Bh3 24. Qd3 Bd7 25. Rac1 h5 26. h3 Bh6 27. f4 Qd8 28. Nc6
Nxc6 29. dxc6 Bxc6 30. e5 d5 31. Nxd5 Bxd5 32. Bxd5 Bg7 33. Rxc5 Rxb3 34. Qc4
R3b4 35. Qxa6 Rd4 36. Ba2 Rd2 37. Rc6 Rbb2 38. Rxg6 Rxa2 39. Qc4 Qa8 40. Rc6
Rxg2+ 0-1

[Event "Euro Online U2300 Day 1"]
[Site "chess.com INT"]
[Date "2020.05.25"]
[Round "1"]
[White "Queirolo Perez, Manuel"]
[Black "Sahakyan, Arman K."]
[Result "0-1"]
[WhiteElo "2145"]
[BlackElo "1775"]
[WhiteFideId "3401219"]
[BlackFideId "13310992"]
[EventDate "2020.05.25"]

1. e4 c5 2. Nf3 a6 3. d4 cxd4 4. Nxd4 Nf6 5. Nc3 e5 6. Nb3 Bb4 7. Bd3 Nc6 8. Bd2
Bxc3 9. Bxc3 d6 10. O-O O-O 11. Qe2 Be6 12. Rad1 Rc8 13. Kh1 Qe7 14. f3 Rfd8 15.
Bc4 Nd4 16. Rxd4 exd4 17. Bxe6 fxe6 18. Ba5 Rf8 19. Nxd4 Nh5 20. Rd1 Qh4 21. Be1
Qf6 22. c3 Qh6 23. Nc2 Rcd8 24. Ne3 Nf4 25. Qf2 d5 26. exd5 exd5 27. Ng4 Qe6 28.
Ne3 Rde8 29. Bd2 Nd3 30. Qg3 Nxb2 31. Rb1 d4 32. cxd4 Qxa2 33. Rf1 Nd3 34. Bc3
Rxe3 35. d5 Nf2+ 36. Rxf2 Qb1+ 0-1

[Event "Euro Online U2300 Day 1"]
[Site "chess.com INT"]
[Date "2020.05.25"]
[Round "1"]
[White "Florescu, Codrut-Constantin"]
[Black "Simet, Martin"]
[Result "1-0"]
[WhiteTitle "IM"]
[BlackTitle "FM"]
[WhiteElo "2293"]
[BlackElo "2194"]
[WhiteFideId "1202200"]
[BlackFideId "377244"]
[EventDate "2020.05.25"]

1. d4 Nf6 2. c4 e6 3. Nf3 b6 4. g3 Bb7 5. Bg2 c5 6. d5 exd5 7. Nh4 d6 8. Nc3 g6
9. Bg5 Be7 10. Bh6 Qc8 11. cxd5 Nbd7 12. Nf3 b5 13. Nxb5 Bxd5 14. O-O Rb8 15.
Nc3 Ba8 16. b3 d5 17. Rc1 d4 18. Na4 Qa6 19. Re1 Bc6 20. Bh3 Rb4 21. Bg7 Rg8 22.
Bxf6 Nxf6 23. Nxc5 Qxa2 24. Nxd4 Ba8 25. Ra1 Qb2 26. Rxa7 Bxc5 27. Rxa8+ Ke7 28.
Nc6# 1-0

[Event "Euro Online U2300 Day 1"]
[Site "chess.com INT"]
[Date "2020.05.25"]
[Round "1"]
[White "Jocev, Milan"]
[Black "Stoyanov, Viktor"]
[Result "1-0"]
[WhiteTitle "FM"]
[WhiteElo "2258"]
[BlackElo "2240"]
[WhiteFideId "900680"]
[BlackFideId "450308"]
[EventDate "2020.05.25"]

1. Nf3 c5 2. c4 Nc6 3. d4 cxd4 4. Nxd4 Nf6 5. Nc3 e6 6. Ndb5 d5 7. cxd5 exd5 8.
Bf4 Be6 9. Nc7+ Ke7 10. Nxa8 Qxa8 11. e3 Ke8 12. Be2 Bb4 13. O-O Bxc3 14. bxc3
Ke7 15. Qb3 Rc8 16. Rab1 b6 17. Qa3+ Ke8 18. Bb5 Ne4 19. Rfd1 g5 20. Bg3 f6 21.
f3 Nxg3 22. hxg3 Kf7 23. Bxc6 Rxc6 24. Rd4 Qb8 25. Kf2 Qc7 26. Rc1 h5 27. Qb2
Rc5 28. Qd2 Kg7 29. e4 dxe4 30. Rxe4 Bf7 31. Rd4 b5 32. a4 a6 33. axb5 axb5 34.
Rd7 Qb6 35. Qd4 Qc6 36. Rd6 Qc7 37. Qxf6+ Kh7 38. Rd8 Bg8 39. Re1 Re5 40. Rxe5
Qa7+ 41. Rd4 Qa2+ 42. Re2 Qf7 43. Re7 1-0

[Event "Euro Online U2300 Day 1"]
[Site "chess.com INT"]
[Date "2020.05.25"]
[Round "1"]
[White "Padalka, Artem"]
[Black "Schneider, Jana"]
[Result "0-1"]
[BlackTitle "FM"]
[WhiteElo "2203"]
[BlackElo "2270"]
[WhiteFideId "14118637"]
[BlackFideId "12924997"]
[EventDate "2020.05.25"]

1. e4 e6 2. d4 d5 3. Nd2 c5 4. exd5 Qxd5 5. Ngf3 cxd4 6. Bc4 Qd7 7. O-O Nc6 8.
Nb3 a6 9. Nbxd4 Nxd4 10. Nxd4 Qc7 11. Qe2 Bd6 12. h3 Ne7 13. Bd3 Bd7 14. c4
O-O-O 15. Be3 Ng6 16. c5 Nf4 17. Bxf4 Bxf4 18. c6 Bxc6 19. Nxc6 Qxc6 20. Be4 Qc7
21. g3 Bh6 22. b4 Kb8 23. Bg2 Rd2 24. Qe4 Rhd8 25. Qxh7 f5 26. a4 Qb6 27. a5 Qd4
28. b5 Rxf2 29. Rxf2 Qxa1+ 30. Kh2 Qe1 31. Rf1 Qxa5 32. bxa6 Qxa6 33. Rb1 Rd2
34. Rxb7+ Qxb7 35. Qg8+ Ka7 0-1

[Event "Euro Online U2300 Day 1"]
[Site "chess.com INT"]
[Date "2020.05.25"]
[Round "1"]
[White "Schlegel, Igor"]
[Black "Orgse, Karl Kristofer"]
[Result "0-1"]
[WhiteElo "2027"]
[BlackElo "1724"]
[WhiteFideId "1334956"]
[BlackFideId "4506081"]
[EventDate "2020.05.25"]

1. e4 c6 2. d4 d6 3. Nc3 Nd7 4. Nf3 Qc7 5. Bc4 e5 6. O-O Be7 7. Re1 Ngf6 8. a4
O-O 9. a5 Rd8 10. Bxf7+ Kxf7 11. Ng5+ Kg8 12. Ne6 Qb8 13. Nxd8 Bxd8 14. Be3 Be7
15. Qf3 Nf8 16. Qg3 Ng6 17. d5 c5 18. Bg5 Bd7 19. Nd1 Qf8 20. f3 Rc8 21. Ne3 Nf4
22. Qh4 h6 23. Bxf4 Nxd5 24. Qf2 Nxf4 25. Rad1 Be6 26. c4 h5 27. Nd5 Bxd5 28.
exd5 Qf5 29. Re4 h4 30. h3 Rf8 31. a6 b6 32. Kh2 Nxh3 0-1

[Event "Euro Online U2300 Day 1"]
[Site "chess.com INT"]
[Date "2020.05.25"]
[Round "1"]
[White "Bulockin, Martin"]
[Black "Altarbosh, Ward"]
[Result "1-0"]
[BlackTitle "FM"]
[WhiteElo "2255"]
[BlackElo "2234"]
[WhiteFideId "371610"]
[BlackFideId "7601450"]
[EventDate "2020.05.25"]

1. d3 d5 2. e4 Nf6 3. Nc3 Nc6 4. exd5 Nxd5 5. Nxd5 Qxd5 6. Nf3 e5 7. Be2 Be7 8.
O-O O-O 9. h3 Re8 10. Be3 Bf8 11. Re1 Bf5 12. Nd2 Rad8 13. Bf3 Qb5 14. Qc1 Nd4
15. Bxd4 exd4 16. Nc4 Bb4 17. Rxe8+ Rxe8 18. Qf4 Qd7 19. Bxb7 h6 20. Bc6 Qxc6
21. Qxf5 g6 22. Qf4 Qd7 23. a3 Bf8 24. Qd2 Re6 25. Re1 Rf6 26. Re4 c5 27. Qe2
Bg7 28. Re7 Qf5 29. Re5 Qf4 30. g3 Qc1+ 31. Kg2 Kh7 32. Re7 Qg5 33. h4 Qd5+ 34.
Qe4 Qd8 35. Rxa7 Re6 36. Qf3 Rf6 37. Qa8 Qxa8+ 38. Rxa8 Re6 39. Kf1 g5 40. hxg5
hxg5 41. Rc8 Kg6 42. Rxc5 Kh5 43. a4 Kg4 44. a5 Bf8 45. Re5 Rf6 46. Kg2 Bb4 47.
f3+ Kh5 48. f4 Ra6 49. Rxg5+ Kh6 50. Rb5 Bxa5 51. Rxa5 Re6 52. Re5 Ra6 53. Kf3
Ra1 54. Kg4 Rc1 55. Re2 Kg6 56. f5+ Kf6 57. Nd6 Rb1 58. Ne8# 1-0

[Event "Euro Online U2300 Day 1"]
[Site "chess.com INT"]
[Date "2020.05.25"]
[Round "1"]
[White "Reshetniak, Vitaliy"]
[Black "Kett, Tim"]
[Result "1-0"]
[BlackTitle "CM"]
[WhiteElo "2026"]
[BlackElo "2178"]
[WhiteFideId "14125250"]
[BlackFideId "1801210"]
[EventDate "2020.05.25"]

1. d4 d5 2. c4 e6 3. Nc3 c5 4. cxd5 exd5 5. Nf3 Nc6 6. g3 Nf6 7. Bg2 cxd4 8.
Nxd4 Bc5 9. Nb3 Bb6 10. O-O d4 11. Na4 O-O 12. Bg5 h6 13. Bxf6 Qxf6 14. Nxb6
axb6 15. Bxc6 bxc6 16. Qxd4 Qxd4 17. Nxd4 c5 18. Nb5 Be6 19. Nc3 Rfd8 20. Rfd1
Rxd1+ 21. Rxd1 b5 22. Nxb5 Rxa2 23. Rd2 Bh3 24. f3 Ra1+ 25. Kf2 Rh1 26. Rc2
Rxh2+ 27. Ke3 Bf1 28. Nd6 g5 29. g4 h5 30. gxh5 Kg7 31. Nf5+ Kf6 32. Ng3 Rg2 33.
Nxf1 g4 34. fxg4 Rxg4 35. Rxc5 Rb4 36. Rc2 Rh4 37. Ng3 Rb4 38. Kf3 Ke5 39. h6
Rh4 40. Rc5+ Kd4 41. Nf5+ 1-0

[Event "Euro Online U2300 Day 1"]
[Site "chess.com INT"]
[Date "2020.05.25"]
[Round "1"]
[White "Lopez Varela, Pablo"]
[Black "Romashov, Anton"]
[Result "0-1"]
[WhiteElo "2177"]
[BlackElo "2070"]
[WhiteFideId "32092105"]
[BlackFideId "14116758"]
[EventDate "2020.05.25"]

1. e4 c5 2. d4 cxd4 3. c3 d5 4. exd5 Qxd5 5. cxd4 Nf6 6. Nc3 Qd8 7. Nf3 e6 8.
Bd3 Be7 9. O-O Nc6 10. Be3 O-O 11. Qe2 b6 12. Rfd1 Bb7 13. Rac1 Rc8 14. Bb1 Nb4
15. Ne5 Nbd5 16. Qd3 Nxe3 17. fxe3 g6 18. Rf1 Nd5 19. e4 Nb4 20. Qd1 Bg5 21. Nf3
Bxc1 22. Qxc1 Ba6 23. Qh6 Bxf1 24. Kxf1 Qf6 25. e5 Qg7 26. Qh3 Rfd8 27. Ne4 Rc1+
28. Kf2 Rxb1 29. Nf6+ Kh8 30. Ng5 Rxb2+ 31. Kg3 Rxd4 32. Nf3 Rc4 33. Ng5 Nd5 0-1

[Event "Euro Online U2300 Day 1"]
[Site "chess.com INT"]
[Date "2020.05.25"]
[Round "1"]
[White "Mikheev, Aleksey"]
[Black "Akhmetzjanov, Pavel"]
[Result "1-0"]
[WhiteElo "2239"]
[BlackElo "2140"]
[WhiteFideId "24177660"]
[BlackFideId "24158127"]
[EventDate "2020.05.25"]

1. e4 e6 2. d4 d5 3. Nc3 Nf6 4. Bg5 Be7 5. e5 Nfd7 6. h4 a6 7. Qg4 Bxg5 8. Qxg5
Qxg5 9. hxg5 c5 10. f4 cxd4 11. Nce2 Nc6 12. Nf3 Nb6 13. Nexd4 Bd7 14. O-O-O Rc8
15. a3 Ne7 16. Bd3 h6 17. gxh6 gxh6 18. Rh3 Rg8 19. Rg1 Ng6 20. g3 Nc4 21. Rxh6
Ne3 22. Bxg6 fxg6 23. Ng5 Rc4 24. c3 Ng4 25. Rh7 b5 26. Kd2 a5 27. Ngxe6 b4 28.
axb4 axb4 29. Ra1 bxc3+ 30. bxc3 Nf2 31. Ra8+ Bc8 32. Nc7+ Rxc7 33. Rxc7 Ne4+ 1-0

[Event "Euro Online U2300 Day 1"]
[Site "chess.com INT"]
[Date "2020.05.25"]
[Round "1"]
[White "Gadimbayli, Abdulla"]
[Black "Pruefer, Friedbert"]
[Result "1-0"]
[WhiteTitle "IM"]
[WhiteElo "2470"]
[BlackElo "2249"]
[WhiteFideId "13404938"]
[BlackFideId "24699772"]
[EventDate "2020.05.25"]

1. e4 d6 2. d4 Nf6 3. Nc3 g6 4. Nf3 Bg7 5. Be2 O-O 6. O-O c6 7. a4 Qc7 8. Be3
Nbd7 9. Nd2 e5 10. dxe5 dxe5 11. Nc4 Rd8 12. Qd6 Qxd6 13. Nxd6 Nf8 14. Rfd1 Ne6
15. Bc4 Bf8 16. Nxc8 Rdxc8 17. Bxe6 fxe6 18. Bg5 Ne8 19. Rd7 Rc7 20. Rad1 Rac8
21. Rxc7 Rxc7 22. Rd8 Kf7 23. f3 Be7 24. Bxe7 Kxe7 25. Ra8 b6 26. Kf2 Rd7 27.
Ke2 Rb7 28. Na2 a5 29. b3 h5 30. Nc1 Kf7 31. Nd3 Nc7 32. Rd8 Ke7 33. Rc8 Kd6 34.
Rd8+ Ke7 35. Rg8 Kf7 36. Rh8 Kg7 37. Rd8 Kf6 38. Rd7 Ra7 39. Rd6 Na6 40. Rxc6
Rb7 41. h4 Nc7 42. g4 Ne8 43. g5+ Ke7 44. Nxe5 Ng7 45. Nxg6+ 1-0

[Event "Euro Online U2300 Day 1"]
[Site "chess.com INT"]
[Date "2020.05.25"]
[Round "1"]
[White "Aliyeva, Aygun"]
[Black "Hansch, Stephan"]
[Result "0-1"]
[WhiteTitle "WFM"]
[BlackTitle "CM"]
[WhiteElo "2170"]
[BlackElo "2149"]
[WhiteFideId "13400754"]
[BlackFideId "24692514"]
[EventDate "2020.05.25"]

1. d4 d5 2. Nf3 Nf6 3. g3 e6 4. Bg2 Be7 5. O-O O-O 6. b3 b5 7. Bb2 Bb7 8. a4 a6
9. Nbd2 Nbd7 10. Ne5 Nxe5 11. dxe5 Nd7 12. c4 c5 13. Qc2 Qc7 14. f4 Nb6 15. a5
Nd7 16. e3 Rac8 17. Rfd1 Rfd8 18. Nf1 Nb8 19. e4 bxc4 20. bxc4 d4 21. g4 Nc6 22.
Ng3 Nxa5 23. Nh5 Nc6 24. g5 Qb6 25. Ra3 d3 26. Qf2 Nb4 27. Qh4 Nc2 28. Nf6+ gxf6
29. gxf6 Bf8 30. Raxd3 Rxd3 31. Rxd3 Qxb2 32. Rg3+ Kh8 33. Qg5 Qd4+ 34. Kf1 Qd1+
35. Kf2 Qe1+ 36. Kf3 Nd4+ 37. Kg4 Bxe4 38. Bxe4 Qxe4 0-1

[Event "Euro Online U2300 Day 1"]
[Site "chess.com INT"]
[Date "2020.05.25"]
[Round "1"]
[White "Nemkova, Ljubov"]
[Black "Lund, Terje"]
[Result "1-0"]
[WhiteTitle "WFM"]
[WhiteElo "2172"]
[BlackElo "2104"]
[WhiteFideId "4180070"]
[BlackFideId "1504754"]
[EventDate "2020.05.25"]

1. d4 Nf6 2. Nf3 e6 3. c4 b6 4. Nc3 Bb4 5. Qc2 Bb7 6. Bd2 O-O 7. g3 d5 8. Bg2
dxc4 9. a4 Nc6 10. e3 Na5 11. O-O Re8 12. Rad1 Qe7 13. Rfe1 Rad8 14. e4 Nb3 15.
Bf4 a6 16. e5 Nd5 17. Ng5 g6 18. Nge4 Nxf4 19. Nf6+ Kh8 20. Bxb7 Nxd4 21. Qe4
Nh3+ 22. Kg2 Ng5 23. Qh4 Nf5 24. Qxg5 h6 25. Qf4 Rxd1 26. Rxd1 Rd8 27. Rxd8+
Qxd8 28. Qxc4 Bc5 29. Nce4 Bd4 30. Qd3 a5 31. g4 Nh4+ 32. Kh3 Qb8 33. Qxd4 Nf3
34. Qd7 1-0

[Event "Euro Online U2300 Day 1"]
[Site "chess.com INT"]
[Date "2020.05.25"]
[Round "1"]
[White "Tzoumbas, Anastasios"]
[Black "Heinmets, Tonu"]
[Result "1/2-1/2"]
[WhiteTitle "FM"]
[WhiteElo "2284"]
[BlackElo "1886"]
[WhiteFideId "4200519"]
[BlackFideId "4500962"]
[EventDate "2020.05.25"]

1. e4 d6 2. d4 Nf6 3. Nc3 Nbd7 4. Nf3 e5 5. dxe5 dxe5 6. Bc4 c6 7. Ng5 Bb4 8.
Nxf7 Qa5 9. Bd2 Rf8 10. a3 Rxf7 11. Bxf7+ Kxf7 12. axb4 Qxb4 13. O-O Nc5 14. Na4
Qb5 15. Nxc5 Qxc5 16. Be3 Qb4 17. Qd8 Qxe4 18. Qc7+ Kg6 19. Rxa7 Rxa7 20. Bxa7
Be6 21. Qxb7 Bc4 22. f3 Qxc2 23. Qxc6 Qe2 24. Rc1 Bd5 25. Qc2+ Qxc2 26. Rxc2 e4
27. Kf2 exf3 28. gxf3 Ne8 29. Bb8 Kf5 30. Rc5 Ke6 31. b4 Nf6 32. Ke3 Bb7 33. Rc7
Nd5+ 34. Kf2 Nxc7 35. Bxc7 g6 36. Kg3 Kf5 37. h3 h5 38. b5 Ba8 39. b6 Bb7 40.
Bd8 Bc6 41. h4 Bb7 42. Bg5 Bc6 43. f4 Ke6 44. Kf2 Kd6 45. Ke3 Bd7 46. Bd8 Kc6
47. Kd4 Kb7 48. Ke5 Bf5 49. Kf6 Bb1 50. Kg5 Bf5 51. Bc7 Bb1 52. f5 Bxf5 53. Kf4
Bb1 1/2-1/2

[Event "Euro Online U2300 Day 1"]
[Site "chess.com INT"]
[Date "2020.05.25"]
[Round "1"]
[White "Krallis, Christos"]
[Black "Kaasen, Tor Fredrik"]
[Result "1-0"]
[BlackTitle "IM"]
[WhiteElo "2284"]
[BlackElo "2401"]
[WhiteFideId "4298896"]
[BlackFideId "1516647"]
[EventDate "2020.05.25"]

1. d4 Nf6 2. c4 g6 3. Nc3 Bg7 4. e4 d6 5. f3 O-O 6. Nge2 c5 7. Be3 Nc6 8. Qd2
Qa5 9. d5 Ne5 10. Ng3 a6 11. h3 b5 12. cxb5 axb5 13. Nxb5 Bd7 14. Qxa5 Rxa5 15.
f4 Bxb5 16. fxe5 Nd7 17. Bd2 Bxf1 18. Bxa5 Bxg2 19. Rh2 Bf3 20. Kf2 Nxe5 21. Bc3
Bh5 22. Nxh5 gxh5 23. Rg2 Kh8 24. Ke2 Ng6 25. Bxg7+ Kxg7 26. a4 Rb8 27. Kd3 Kf8
28. Kc3 Ne5 29. a5 Rb4 30. b3 Rb7 31. a6 Ra7 32. b4 Nd7 33. b5 e6 1-0